MARC details
| 000 -LEADER |
| fixed length control field |
00814cam a2200229 4500 |
| 001 - CONTROL NUMBER |
| control field |
WB2613-13 |
| 008 - FIXED-LENGTH DATA ELEMENTS--GENERAL INFORMATION |
| fixed length control field |
000000n2000 000 0 eng u |
| 035 ## - SYSTEM CONTROL NUMBER |
| System control number |
(Sirsi) u105097 |
| 245 ## - TITLE STATEMENT |
| Title |
Silicon fen |
| 260 ## - PUBLICATION, DISTRIBUTION, ETC. |
| Date of publication, distribution, etc. |
2000 |
| 490 ## - SERIES STATEMENT |
| Series statement |
Financial Times |
| Volume/sequential designation |
29 March 2000, 3(2) |
| 520 ## - SUMMARY, ETC. |
| Summary, etc. |
Reports on the decision to allow the building of homes in Cambridgeshire to accommodate the rising demand from those working in the high-tech industries in the area. Details of the dominant firms in the region and the percentage of high-tech employment levels across the country. |
| 590 ## - LOCAL NOTE (RLIN) |
| Local note |
WB |
| 650 ## - SUBJECT ADDED ENTRY--TOPICAL TERM |
| Topical term or geographic name entry element |
SILICON FEN |
| 650 ## - SUBJECT ADDED ENTRY--TOPICAL TERM |
| Topical term or geographic name entry element |
CAMBRIDGE |
| 650 ## - SUBJECT ADDED ENTRY--TOPICAL TERM |
| Topical term or geographic name entry element |
NEW HOMES |
| 650 ## - SUBJECT ADDED ENTRY--TOPICAL TERM |
| Topical term or geographic name entry element |
HIGH-TECH INDUSTRIES |
| 650 ## - SUBJECT ADDED ENTRY--TOPICAL TERM |
| Topical term or geographic name entry element |
HOUSEHOLD PROJECTIONS |
| 650 ## - SUBJECT ADDED ENTRY--TOPICAL TERM |
| Topical term or geographic name entry element |
NEW TOWNS |
| 690 ## - LOCAL SUBJECT ADDED ENTRY--TOPICAL TERM (OCLC, RLIN) |
| Topical term or geographic name as entry element |
HOUSING-DEVELOPMENT |
| 942 ## - ADDED ENTRY ELEMENTS (KOHA) |
| Suppress in OPAC |
0 |